| 000 | 008050000a22002170004500 | ||
|---|---|---|---|
| 041 | 0 | _aSPA | |
| 082 | 0 | 4 | _aG 176 W7211s |
| 100 | 1 | _aWilliams, H. Morgan (Hugh Morgan) | |
| 245 | 1 | 0 | _aSexo y matrimonio / H. Morgan Williams, W. Melville Capper ; Daniel Hall, Traductor |
| 250 | _a3 | ||
| 260 | _aBuenos Aires, Argentina : Certeza | ||
| 300 | _a152 Pag. | ||
| 500 | _aTítulo original : Toward christian marriage | ||
| 505 | 0 | 0 | _ala amistad -- el enamoramiento -- la elección del cónyuge -- el punto de vista femenino -- designio propósitos del matrimonio -- desórdenes del sexo -- auto-disciplina -- rumbo a la libertad |
| 650 | 1 | 4 | _aMATRIMONIO |
| 001 | 1332 | ||
| 942 | _cBK | ||
| 999 |
_c32655 _d32655 |
||
| 336 |
_atexto _btxt _2rdacontent |
||
| 337 |
_2rdamedia _asin mediación _bn |
||
| 338 |
_2rdacarrier _avolumen _bnc |
||